Robinson Crusoe /
Původní 2LP komplet 1118 4531 vyšel v Supraphonu poprvé v roce 1985, na CD (SU 5069-2) pak vyšel v podstatně zkrácené podobě titul poprvé v roce 1999. Nyní je posíláme do digitálních obchodů v původní délce.
Uloženo v:
| Hlavní autor: | |
|---|---|
| Další autoři: | , , , , , , , |
| Médium: | E-audiokniha |
| Vydáno: |
Praha :
Supraphon a.s.,
2017
|
| Tagy: |
Žádné tagy |
| LEADER | 01540nim a22003617i 4500 | ||
|---|---|---|---|
| 001 | 313262 | ||
| 007 | sr nunnnnnnned | ||
| 024 | |a 099925034221 | ||
| 044 | |a xr | ||
| 100 | 1 | |a Defoe, Daniel |4 aut | |
| 245 | 1 | 0 | |a Robinson Crusoe / |c Defoe, Daniel |
| 264 | 1 | |a Praha : |b Supraphon a.s., |c 2017 | |
| 300 | |a 1 online zdroj (1 hod., 44 min., 26 sek.) | ||
| 336 | |a mluvené slovo |b spw |2 rdacontent | ||
| 337 | |a audio |b s |2 rdamedia | ||
| 338 | |a online zdroj |b cr |2 rdacarrier | ||
| 505 | 0 | 0 | |t 1. èást (26 min., 4 sek.) |
| 505 | 0 | 0 | |t 2. èást (26 min., 11 sek.) |
| 505 | 0 | 0 | |t 3. èást (27 min., 16 sek.) |
| 505 | 0 | 0 | |t 4. èást (24 min., 58 sek.) |
| 520 | 2 | |a Původní 2LP komplet 1118 4531 vyšel v Supraphonu poprvé v roce 1985, na CD (SU 5069-2) pak vyšel v podstatně zkrácené podobě titul poprvé v roce 1999. Nyní je posíláme do digitálních obchodů v původní délce. | |
| 700 | 1 | |a Kepka, Jaroslav |4 nrt | |
| 700 | 1 | |a Pešek, Ladislav |4 nrt | |
| 700 | 1 | |a Růžek, Martin |4 nrt | |
| 700 | 1 | |a Řanda, Čestmír |4 nrt | |
| 700 | 1 | |a Mareš, Václav |4 nrt | |
| 700 | 1 | |a Adamíra, Jiří |4 nrt | |
| 700 | 1 | |a Postránecký, Václav |4 nrt | |
| 700 | 1 | |a Rozhoň, Miloš |4 nrt | |
| 910 | |a RBIT002 | ||
| 998 | |d 401606 |a https://core.palmknihy.cz/api/books/401606/cover?sh1c6l |b https://core.palmknihy.cz/api/books/401606/cover/400?sh1c6l |c https://core.palmknihy.cz/api/books/401606/cover/50?sh1c6l |e 2099-01-01 |i 099925034221 |l 6266 |q 49 |r 1 |s https://www.palmknihy.cz/kniha/401606 |t audiobook |y 2017 |z 1 | ||
| 999 | |d 313260 | ||